Un mercado de capitales centroamericano (Record no. 102376)

MARC details
000 -LEADER
campo de control de longitud fija 00633nam a2200169 i 4500
001 - NÚMERO DE CONTROL
campo de control 102376
003 - IDENTIFICADOR DE NÚMERO DE CONTROL
campo de control ES-MaACL
007 - CAMPO FIJO DE DESCRIPCIÓN FÍSICA--INFORMACIÓN GENERAL
campo de control de longitud fija t|
008 - DATOS DE LONGITUD FIJA--INFORMACIÓN GENERAL
campo de control de longitud fija 051110s1967 mx ||||1| spa d
245 03 - MENCIÓN DEL TÍTULO
Título Un mercado de capitales centroamericano
Resto del título : dos estudios /
Mención de responsabilidad, etc. por Jorge Sol Castellanos, Mauricio Baca Múñoz, Amilcar Martínez Corguera.
250 ## - MENCION DE EDICION
Mención de edición [1ª ed.].
260 ## - PUBLICACIÓN, DISTRIBUCIÓN, ETC.
Lugar de publicación, distribución, etc. México, D.F. :
Nombre del editor, distribuidor, etc. Centro de Estudios Monetarios Latinoamericanos,
Fecha de publicación, distribución, etc. 1967.
300 ## - DESCRIPCIÓN FÍSICA
Extensión 221 p. ;
Dimensiones 21 cm.
700 1# - ENTRADA AGREGADA--NOMBRE PERSONAL
Nombre de persona Sol Castellanos, Jorge.
9 (RLIN) 107039
710 2# - ENTRADA AGREGADA--NOMBRE DE ENTIDAD CORPORATIVA
Nombre de entidad corporativa o nombre de jurisdicción como elemento de entrada Centro de Estudios Monetarios Latinoamericanos.
9 (RLIN) 134240
852 ## - LOCALIZACIÓN
Ubicación ES-MaACL
Número de control de estantería E-8344
Sublocalización o colección R.92742
Holdings
Estatus retirado Estado de pérdida Estado de daño No para préstamo Biblioteca de origen Biblioteca actual Ubicación en estantería Fecha de adquisición Fuente de adquisición Total de préstamos Signatura topográfica completa Código de barras Visto por última vez Precio de reemplazo Tipo de ítem Koha
        Biblioteca del Ateneo de Madrid Biblioteca del Ateneo de Madrid Depósito 2 17/01/2008     E-8344 1106867 23/02/2023 23/02/2023 Libro impreso